Systems-thinking social marketing: conceptual extensions and empirical investigations (Record no. 315985)
[ view plain ]
| 000 -LEADER | |
|---|---|
| fixed length control field | 00598nam a2200145Ia 4500 |
| 008 - FIXED-LENGTH DATA ELEMENTS--GENERAL INFORMATION | |
| fixed length control field | 170224s9999 xx 000 0 und d |
| 100 ## - MAIN ENTRY--PERSONAL NAME | |
| Personal name | Christine Domegan |
| 245 ## - TITLE STATEMENT | |
| Title | Systems-thinking social marketing: conceptual extensions and empirical investigations |
| 245 ## - TITLE STATEMENT | |
| Statement of responsibility, etc | Christine Domegan, Patricia McHugh, Michelle Devaney, Sinead Duane, Michael Hogan, Benjamin J. Broome, Roger A. Layton, John Joyce, Marzia Mazzonetto & Joanna Piwowarczyk |
| 260 ## - PUBLICATION, DISTRIBUTION, ETC. (IMPRINT) | |
| Name of publisher, distributor, etc | Journal of Marketing Research |
| 260 ## - PUBLICATION, DISTRIBUTION, ETC. (IMPRINT) | |
| Date of publication, distribution, etc | 2016 |
| 300 ## - PHYSICAL DESCRIPTION | |
| Extent | 32:11-12, Pages: 1123-1144 |
| 500 ## - GENERAL NOTE | |
| General note | September |
| 650 ## - SUBJECT ADDED ENTRY--TOPICAL TERM | |
| General subdivision | Marketing. |
| Withdrawn status | Lost status | Damaged status | Home library | Current library | Date acquired | Total Checkouts | Date last seen | Price effective from | Koha item type |
|---|---|---|---|---|---|---|---|---|---|
| College Library | College Library | 02/24/2017 | 02/24/2017 | 02/24/2017 | Periodicals |